[Event "Mersin op 5th"]
[Site "Mersin"]
[Date "2021.11.18"]
[Round "4"]
[White "Sirin, Ahmet"]
[Black "Hoseini, S Alireza"]
[Result "0-1"]
[WhiteElo "1374"]
[BlackElo "1873"]
[PlyCount "86"]
[EventDate "2021.11.16"]
[EventType "swiss"]
[EventRounds "9"]
[EventCountry "TUR"]
[SourceTitle "EXT 2023"]
[Source "ChessBase"]
[SourceDate "2022.10.05"]
[SourceVersion "1"]
[SourceVersionDate "2022.10.05"]
[SourceQuality "1"]

1. e4 d5 2. exd5 Qxd5 3. Nc3 Qd8 4. d4 Nf6 5. Nf3 Bf5 6. Bc4 e6 7. 0-0 Be7 8. Re1 c6 9. Bd3 Bg4 10. Be3 0-0 11. h3 Bh5 12. Be2 Nbd7 13. Ne5 Bxe2 14. Qxe2 Bb4 15. Qc4 Nd5 16. Nxd7 Qxd7 17. a3 Bxc3 18. bxc3 f5 19. Bd2 Rae8 20. Re5 Rf6 21. Qe2 b5 22. a4 a6 23. axb5 axb5 24. c4 Nb6 25. cxb5 Qxd4 26. c3 Qc4 27. bxc6 Qxc6 28. Ra6 Rg6 29. f3 Ra8 30. Rxa8+ Nxa8 31. Qb5 Qb6+ 32. Be3 Qd8 33. Qc6 Nc7 34. Bb6 Qd1+ 35. Kf2 Qd2+ 36. Re2 Rxg2+ 37. Kxg2 Qxe2+ 38. Kg1 Qe1+ 39. Kg2 Qe2+ 40. Kg3 f4+ 41. Kh4 Qe1+ 42. Kh5 g6+ 43. Kg5 Qe5+ 0-1

[Event "Kesan op 15th"]
[Site "Kesan"]
[Date "2017.08.13"]
[Round "1"]
[White "Sirin, Ahmet"]
[Black "Savchenko, Boris"]
[Result "0-1"]
[WhiteElo "1374"]
[BlackElo "2602"]
[PlyCount "44"]
[EventDate "2017.08.13"]
[EventType "swiss"]
[EventRounds "9"]
[EventCountry "TUR"]
[SourceTitle "CBM 180 Extra"]
[Source "ChessBase"]
[SourceDate "2017.10.06"]
[SourceVersion "1"]
[SourceVersionDate "2017.10.06"]
[SourceQuality "1"]

1. d4 e6 2. Nf3 Nf6 3. Bf4 c5 4. c3 b6 5. e3 Be7 6. h3 Bb7 7. Nbd2 0-0 8. Bd3 cxd4 9. cxd4 Nc6 10. a3 Nd5 11. Bg3 f5 12. Ne5 f4 13. exf4 Nxd4 14. Bxh7+ Kxh7 15. Qh5+ Kg8 16. Ng6 Rf5 17. Nxe7+ Qxe7 18. Qd1 Nxf4 19. Bxf4 Rxf4 20. f3 Qh4+ 21. Kf1 Ba6+ 22. Kg1 Ne2+ 0-1